Methodology of Indian historical writings in modern India (1850-1975) / (Record no. 93629)

MARC details
000 -LEADER
fixed length control field 00613nam a22001937a 4500
005 - DATE AND TIME OF LATEST TRANSACTION
control field 20150622164252.0
010 ## - LCCN (DPL NO)
LC control number ENG-112993
020 ## - INTERNATIONAL STANDARD BOOK NUMBER
International Standard Book Number 9789382420194
Terms of availability 695.00
035 ## - SYSTEM CONTROL NUMBER
System control number EN-96525
037 ## - SOURCE OF ACQUISITION
Source of stock number/acquisition DBAD/PUB
082 ## - DEWEY DECIMAL CLASSIFICATION NUMBER
Classification number 954.09
100 ## - MAIN ENTRY--PERSONAL NAME
Personal name Dasgupta, Arjun
245 ## - TITLE STATEMENT
Title Methodology of Indian historical writings in modern India (1850-1975) /
Statement of responsibility, etc by Arjun Dasgupta
260 ## - PUBLICATION, DISTRIBUTION, ETC. (IMPRINT)
Name of publisher, distributor, etc Kunal Books
Date of publication, distribution, etc 2013
Place of publication, distribution, etc New Delhi
270 ## - ADDRESS
City New Delhi
Postal code 110002
Address 4648/21, First Floor, Ansari Road, Daryaganj,
300 ## - PHYSICAL DESCRIPTION
Extent xvi,188p.
Dimensions 23cm(Hb)
500 ## - GENERAL NOTE
General note Includes index
942 ## - ADDED ENTRY ELEMENTS (KOHA)
Source of classification or shelving scheme Dewey Decimal Classification
Item type English Books
Call number suffix DAS
Classification part 954.09
Holdings
Withdrawn status Lost status Not for loan Collection code Home library Current library Date acquired Source of acquisition Cost, normal purchase price Full call number Barcode Copy number Cost, replacement price Koha item type
    Not For Loan Non-fiction D.B.Act.Division D.B.Act.Division 15/05/2015 DBAD/PUB 695.00 954.09 DAS EN-96525 1 695.00 English Books

© Delhi Public Library
Hit Counter
free hit counter